Catálogo

Vista normal Vista MARC

Entrada Personal Name

Número de registros utilizados en: 5

001 - CONTROL NUMBER

  • control field: 7072

003 - CONTROL NUMBER IDENTIFIER

  • control field: OSt

005 - DATE AND TIME OF LATEST TRANSACTION

  • control field: 20200810143154.0

008 - FIXED-LENGTH DATA ELEMENTS

  • fixed length control field: 810910n| azannaabn |n aaa

010 ## - LIBRARY OF CONGRESS CONTROL NUMBER

  • LC control number: 81050274
  • Canceled/invalid LC control number: 79150300

035 ## - SYSTEM CONTROL NUMBER

  • System control number: (OCoLC)oca00595799

040 ## - CATALOGING SOURCE

  • Original cataloging agency: DLC
  • Language of cataloging: spa
  • Description conventions: rda
  • Transcribing agency: Mx-PuUPA
  • Modifying agency: OCoLC
  • Modifying agency: DNLM
  • Modifying agency: Mx-PuUPA

100 1# - HEADING--PERSONAL NAME

  • Personal name: Brunner, Lillian Sholtis,

374 ## - OCCUPATION

  • Occupation: Autor

375 ## - GENDER

  • Gender: mujer

377 ## - ASSOCIATED LANGUAGE

  • Language code: spa
  • Language code: eng

670 ## - SOURCE DATA FOUND

  • Source citation: Biblioteca del Congreso (Estados Unidos), 19 abril 2018:
  • Information found: catálogo electrónico
  • Uniform Resource Identifier: https://goo.gl/guAgWT

670 ## - SOURCE DATA FOUND

  • Source citation: Nurses' pocket guide to drugs and procedures, 1959.

670 ## - SOURCE DATA FOUND

  • Source citation: Manual de enfermería medicoquirurgica, 1986:
  • Information found: portada (Lillian Sholtis Brunner)

670 ## - SOURCE DATA FOUND

  • Source citation: Manual de la enfermera, 1991:
  • Information found: portada ( Lillian Sholtis Brunner)